| 000 | 00739nam a2200193 a 4500 | ||
|---|---|---|---|
| 001 | 12997 | ||
| 003 | CO-ViMGA | ||
| 008 | 141112s2004 ck r 000 u spa d | ||
| 020 | _a8476305281 | ||
| 040 |
_aCO-ViMGA _bspa _cCO-ViMGA |
||
| 082 | 0 | 4 | _a372.372 M171m |
| 100 | 1 |
_aMigallón Lopezosa, Pilar; Palop Botella, Mercedes; Marassi Candia, Caterina _918995 |
|
| 245 | 1 | 0 | _aMi primera biblioteca de iniciación sexual y afectiva |
| 260 |
_aMadrid, _cEspaña.Libsa.1995 |
||
| 505 | _aVOLUMEN 1 : - ¿Por que somos niños y niñas? VOLUMEN 2 : - Esto es un lío VOLUMEN 3 : - ¿Que hacen papá y mamá? VOLUMEN 4 : - ¿ Y de dónde sale este bebe? | ||
| 650 | 1 | 4 | _aeducación SEXUAL |
| 650 | 1 | 4 |
_aPSICOLOGIA INFANTIL _91631 |
| 942 |
_2ddc _cBK |
||
| 999 |
_c23893 _d23893 |
||